Normal view
MARC view
- تاليف محفوظ ، عبد المنعم ،م.مشارك الخطيب ، نعمان أحمد
Entry Personal Name
001 - CONTROL NUMBER
- control field: 46629
003 - CONTROL NUMBER IDENTIFIER
- control field: JO-AjAnu
005 - DATE AND TIME OF LATEST TRANSACTION
- control field: 20230606081714.0
008 - FIXED-LENGTH DATA ELEMENTS
- fixed length control field: 230606|| aca||aabn | a|a d
040 ## - CATALOGING SOURCE
- Original cataloging agency: JO-AjAnu
- Transcribing agency: JO-AjAnu
100 ## - HEADING--PERSONAL NAME
- Personal name: تاليف محفوظ ، عبد المنعم ،م.مشارك الخطيب ، نعمان أحمد
670 ## - SOURCE DATA FOUND
- Source citation: Work cat.: (JO-AjAnu)23868: تاليف محفوظ ، عبد المنعم ،م.مشارك الخطيب ، نعمان أحمد, author, مبادئ في النظم السياسية (الدولة،الحكومة،صور الانظمة السياسية الديمقراطية المعاصرة)دراسة مقارنة